| 000 | 00575 a2200157 4500 | ||
|---|---|---|---|
| 020 | _a 8178295067 | ||
| 040 |
_aDLC _bDLC |
||
| 082 | _a808.066378 | ||
| 100 | _a Hart, Chris. | ||
| 245 |
_aDoing a literature review: releasing your potential as a social scientist _creleasing your potential as a social scientist _hChris Hart |
||
| 260 |
_aNew Delhi: _bVistaar Publications, _c2005. |
||
| 300 |
_axiii, 481 p. : _bill. ; _c25 cm. |
||
| 500 | _aIncludes Index | ||
| 650 | _a1.Social sciences --Research. 2.Humanities --Research. 3.Report writing. | ||
| 942 |
_cBK _k808.066378 HAR _2ddc |
||
| 999 |
_c4891 _d4891 |
||